000 00631nam a2200229Ia 4500
003 OSt
005 20221007072032.0
006 a|||||r|||| 00| 0
007 ta
008 221006b |||||||| |||| 00| 0 eng d
024 _a12,652
037 _cTextual
040 _aFLL
_cFLL
_beng
041 _2eng
_aeng
082 _aV298:2:9ZqN47:9, H9
100 _aJennings S.I. Au.
_9689954
245 0 _aConstitution of ceylon
260 _aLondon
_bOxford university press London
_c1949
300 _a262p
_ccm.
942 _hV298:2:9ZqN47:9, H9
_cTEXL
_2CC
999 _c1145054
_d1145054